| 000 | 00565nam a2200217Ia 4500 | ||
|---|---|---|---|
| 005 | 20250425162832.0 | ||
| 008 | 250425s9999 xx 000 0 und d | ||
| 020 | _a9789586488020 | ||
| 041 | _aspa | ||
| 044 | _ack | ||
| 100 | _aTORO LOPEZ, FRANCISCO J | ||
| 245 | 0 | _aGERENCIA DE PROYECTOS: APLICACIONES EN SALUD | |
| 250 | _aS.E. | ||
| 264 |
_aColombia, BOGOTA _bECOE EDICIONES _c2020. |
||
| 300 | _a114 | ||
| 650 | _aADMINISTRACION DE PROYECTOS | ||
| 650 | _aELABORACION DE PROYECTOS | ||
| 700 | _aBERNATE, GERMAN | ||
| 942 | _c01 | ||
| 010 | _a111213 | ||
| 999 |
_c237396 _d237396 |
||